| 000 | 00935nam a2200229Ia 4500 | ||
|---|---|---|---|
| 008 | 130821s2006 ck gs spa | ||
| 040 |
_aCo-BoUCM _bspa |
||
| 041 | 0 | 0 | _aspa |
| 092 | _aCDM 0200 | ||
| 110 | 1 |
_aColombia. _bMinisterio de la Protección Social. _bPrograma de Apoyo a la Reforma de Salud. PARS |
|
| 245 | 1 | 0 |
_aModelo de gestión programático en VIH/sida-Colombia _c[CD-ROM] _cPrograma de Apoyo a la Reforma de Salud |
| 260 |
_aBogotá (Colombia) _bPARS _c2006 |
||
| 300 | _a1 CD-ROM | ||
| 490 | 0 | _aColección Publicaciones PARS | |
| 650 | 0 | 4 |
_aInmunología _917698 |
| 650 | 0 | 4 |
_aProgramas de salud _zColombia _vCD-ROM _922527 |
| 650 | 0 | 4 |
_aSalud pública _98073 |
| 650 | 0 | 4 |
_aSalud pública _zColombia _vProgramas _vCD-ROM _98073 |
| 650 | 0 | 4 |
_aSida _zColombia _vProgramas _vCD-ROM _980 |
| 710 | 2 | _aFundación para la Investigación y Desarrollo de la Salud y la Seguridad Social. FEDESALUD | |
| 942 |
_cMULTIMEDIA _2LOCAL _a26 _e1 |
||
| 999 |
_c66342 _d66342 |
||